La quinta disciplina en la práctica (Registro nro. 2470)

Detalles MARC
000 -LEADER
fixed length control field 00938 a2200253 4500
001 - CONTROL NUMBER
control field 34634
005 - DATE AND TIME OF LATEST TRANSACTION
control field 20260407155632.0
008 - FIXED-LENGTH DATA ELEMENTS--GENERAL INFORMATION
fixed length control field 260407a1994 arg spa d
003 - CONTROL NUMBER IDENTIFIER
control field AR-UNSa-BCEJYS
040 ## - CATALOGING SOURCE
Original cataloging agency AR-UNSa-BCEJYS
Language of cataloging spa
Transcribing agency AR-UNSa-BCEJYS
080 ## - UNIVERSAL DECIMAL CLASSIFICATION NUMBER
Universal Decimal Classification number 658.012
Common auxiliary subdivision Métodos (Management...)
020 ## - INTERNATIONAL STANDARD BOOK NUMBER
International Standard Book Number 87-7577-393-1
100 1# - MAIN ENTRY--PERSONAL NAME
Personal name Senge, Perter M.
245 10 - TITLE STATEMENT
Title La quinta disciplina en la práctica
Name of part/section of a work cómo construir una organización inteligente
264 #1 - PRODUCTION, PUBLICATION, DISTRIBUTION, MANUFACTURE, AND COPYRIGHT NOTICE
Place of production, publication, distribution, manufacture Buenos Aires :
Name of producer, publisher, distributor, manufacturer Granica
Date of production, publication, distribution, manufacture, or copyright notice 1994
300 ## - PHYSICAL DESCRIPTION
Extent 593 p.
Dimensions 23 cm.
505 ## - FORMATTED CONTENTS NOTE
Formatted contents note 1. Los primneros pasos - 2. Pensamiento sistémico - 3. Dominio personal - 4. Modelos mentales - 5. Visiones compartidas - 6. Aprendizaje en equipo - 7. Aplicaciones prácticas - 8. Fronteras - 9. Apostilla
590 ## - LOCAL NOTE (RLIN)
Local note niveau_biblio:m niveau_hierar:0
700 1# - ADDED ENTRY--PERSONAL NAME
Personal name Roberts, Charlotte
700 1# - ADDED ENTRY--PERSONAL NAME
Personal name Ross, Richard B.
700 1# - ADDED ENTRY--PERSONAL NAME
Personal name Smith, Bryan
700 1# - ADDED ENTRY--PERSONAL NAME
Personal name kleiner, Art
942 ## - ADDED ENTRY ELEMENTS (KOHA)
Koha item type
Existencias
Withdrawn status Lost status Damaged status Not for loan Home library Current library Shelving location Date acquired Total checkouts Full call number Barcode Date last seen Price effective from Koha item type
        Biblioteca Prof. Eusebio Cleto del Rey Biblioteca Prof. Eusebio Cleto del Rey   07/04/2026   658.012 S474/1994 L65280 07/04/2026 07/04/2026 Libro
        Biblioteca Prof. Eusebio Cleto del Rey Biblioteca Prof. Eusebio Cleto del Rey   07/04/2026   658.012 S474/1994 L65281 07/04/2026 07/04/2026 Libro
        Biblioteca Prof. Eusebio Cleto del Rey Biblioteca Prof. Eusebio Cleto del Rey   07/04/2026   658.012 S474/1994 L70147 07/04/2026 07/04/2026 Libro